UITU Library & LRC     

Electronic Communications (Record no. 3432)

MARC details
000 -LEADER
fixed length control field 00476nam a2200181Ia 4500
008 - FIXED-LENGTH DATA ELEMENTS--GENERAL INFORMATION
fixed length control field 240925s9999 xx 000 0 und d
020 ## - INTERNATIONAL STANDARD BOOK NUMBER
International Standard Book Number 8120309847
082 ## - DEWEY DECIMAL CLASSIFICATION NUMBER
Classification number 621.380413 ROD
100 ## - MAIN ENTRY--PERSONAL NAME
Personal name Roddy, Dennis ; Coolen, John
245 #0 - TITLE STATEMENT
Title Electronic Communications
250 ## - EDITION STATEMENT
Edition statement 4th
260 ## - PUBLICATION, DISTRIBUTION, ETC.
Place of publication, distribution, etc. London:
Name of publisher, distributor, etc. Prentice, Hall
Date of publication, distribution, etc. ,1995.
300 ## - PHYSICAL DESCRIPTION
Extent xvii,523p.
Other physical details NA
Type of unit Original
500 ## - GENERAL NOTE
General note Includes Index
600 ## - SUBJECT ADDED ENTRY--PERSONAL NAME
Personal name Electrical Engineering
650 ## - SUBJECT ADDED ENTRY--TOPICAL TERM
Topical term or geographic name entry element Technology
942 ## - ADDED ENTRY ELEMENTS (KOHA)
Koha item type Books
Holdings
Withdrawn status Lost status Damaged status Not for loan Collection Home library Current library Date acquired Source of acquisition Cost, normal purchase price Total checkouts Full call number Barcode Date last seen Price effective from Koha item type
        Electrical Engineering UITU Library UITU Library 02/27/1997 Gulshan iqbal Karachi 393.00   621.380413 ROD Q0933 09/25/2024 09/25/2024 Books

Powered by Koha